The architect of peace Emomali Rahmon = L'architecte de la paix
Saved in:
| Main Author: | |
|---|---|
| Other Authors: | , , |
| Format: | Book |
| Language: | Miscellaneous languages |
| Published: |
Bruxelles, Belgium
BigMedia
2012
|
| Subjects: | |
| Tags: |
Add Tag
No Tags, Be the first to tag this record!
|
| Call Number : | DK 928.867.R34 S53 2012 |
MARC
| LEADER | 00000nam a2200000 c 4500 | ||
|---|---|---|---|
| 001 | 103267 | ||
| 003 | MY-KLNDU | ||
| 005 | 20241220041118.0 | ||
| 008 | 221104 2012 be ao | 000 0dmis d | ||
| 020 | |a 9789081977104 | ||
| 039 | 9 | |a 202211041203 |b VLOAD |c 201807161213 |d faezah |c 201807161131 |d faezah |c 201807161055 |d faezah |y 201710040920 |z hasniza | |
| 040 | |a UPNM |b eng |c UPNM |e rda | ||
| 090 | |a DK 928.867.R34 |b S53 2012 | ||
| 100 | 1 | |a Sharifzoda, Abdufattoh |e author | |
| 245 | 1 | 4 | |a The architect of peace |b Emomali Rahmon = L'architecte de la paix |c Abdufattoh Sharifzoda; edited by, Abdullo Ghafurov; editor, Thieu Cuypers ; translations and revision of English and French texts, Timothy Kirk |
| 246 | 3 | |a L'architecte de la paix | |
| 264 | 1 | |a Bruxelles, Belgium |b BigMedia |c 2012 | |
| 300 | |a 259 pages |b illustrations, photographs |c 24 cm | ||
| 336 | |a text |2 rdacontent | ||
| 337 | |a unmediated |2 rdamedia | ||
| 338 | |a volume |2 rdacarrier | ||
| 500 | |a This book was sponsored by The Chairman of the Board of Joint-Stock Company "Orienbank" Hassan Asadullozoda | ||
| 546 | |a Text in English and French | ||
| 592 | |a 0012/UPNM |b 5/2/2018 |c RM 109.25 |h Ridha | ||
| 600 | 1 | 0 | |a Raḣmonov, Ėmomalī |d 1952- |
| 651 | 0 | |a Tajikistan |x Foreign relations |y 1991- | |
| 651 | 0 | |a Tajikistan |x Politics and government |y 1991- | |
| 700 | 1 | |a Ghafurov, Abdullo |e editor | |
| 700 | 1 | |a Cuypers, Thieu |e editor | |
| 700 | 1 | |a Kirk, Timothy |e translator | |
| 999 | |a vtls000059587 |c 103267 |d 103267 | ||


